| 000 | 00630cam a2200277 4500 | ||
|---|---|---|---|
| 001 | J341 | ||
| 008 | 090401t1991 xxu||||| |||| 00| 0 eng d | ||
| 035 | _a(Sirsi) u74484 | ||
| 041 | _aeng | ||
| 050 | _a333.335094 | ||
| 110 |
_aSavills _92020 |
||
| 245 | _aEuropean land report. - Number 1 (Autumn 1991) | ||
| 260 |
_aLondon _bSavills _c1991 |
||
| 300 | _a1 sheet ; 30cm. | ||
| 350 | _a0 | ||
| 650 | _aAUSTRIA | ||
| 650 | _aEUROPE | ||
| 650 | _aFARM LAND | ||
| 650 | _aFRANCE | ||
| 650 | _aGERMANY | ||
| 650 | _aITALY | ||
| 650 | _aLAND PRICES | ||
| 690 | _aRURAL PRACTICE | ||
| 942 | _n0 | ||
| 948 | _c04/03/1997 | ||
| 999 |
_c95862 _d95862 |
||